新幹線の駅のない県 - Statistics

General Stats
  • This quiz has been taken 50 times
  • The average score is 15 of 16
Answer Stats
Answer % Correct
鳥取県
100%
千葉県
97%
和歌山県
97%
島根県
97%
沖縄県
97%
茨城県
95%
愛媛県
95%
徳島県
95%
山梨県
92%
香川県
92%
高知県
92%
宮崎県
92%
三重県
89%
奈良県
89%
福井県
87%
大分県
87%
No matching quizzes found
Score Distribution
Percent of People with Each Score
Percentile by Number Answered
Your Score History
You have not taken this quiz